Operations and supply chain management
Αποθηκεύτηκε σε:
| Κύριος συγγραφέας: | |
|---|---|
| Άλλοι συγγραφείς: | |
| Μορφή: | Βιβλίο |
| Γλώσσα: | English |
| Δημοσίευση: |
New Jersey :
Wiley,
c2014.
|
| Έκδοση: | 8th ed. |
| Θέματα: | |
| Ετικέτες: |
Προσθήκη ετικέτας
Δεν υπάρχουν, Καταχωρήστε ετικέτα πρώτοι!
|
MARC
| LEADER | 00000cam a2200000 a 4500 | ||
|---|---|---|---|
| 001 | 1/111836 | ||
| 008 | 160913t2014####us | ||| |||| ||eng|| | ||
| 020 | |a 9781118808900 |q (χαρτόδετο) | ||
| 040 | |a GR-MyUa |b gre |c GR-MyUa |e AACR2 | ||
| 041 | 0 | |a eng | |
| 082 | 7 | |a 658.5 |2 (23) | |
| 100 | 1 | |a Russell, Roberta S. |e aut | |
| 245 | 1 | 0 | |a Operations and supply chain management / |c Roberta S. Russell and Bernard W. Taylor III. |
| 250 | |a 8th ed. |b International student version. | ||
| 260 | |a New Jersey : |b Wiley, |c c2014. | ||
| 300 | |a xiv, 696 σ. : |b διαγρ., εικ., πίν. ; |c 26 εκ. | ||
| 504 | |a Περιλαμβάνει βιβλιογραφικές παραπομπές και ευρετήριο. | ||
| 650 | 0 | |a Production management. | |
| 700 | 1 | |a Taylor, Bernard W., |c III. | |
| 767 | 0 | 8 | |i Μεταφρασμένο ως : |t Οργάνωση παραγωγής & διοίκηση εφοδιασμού : |
| 852 | |a INST |b CHIOS |c EUDOXUS |e 20160913 |h 658.5 RUS |p 005200037207 |q 005200037207 |t BK |y 0 | ||
| 920 | |a Εύδοξος |b Παραγγελία |y Χίος-ΤΔΕ |z 2016-05 | ||
| 970 | |a Σπέντζα |b Ελένη |z 13-09-2016 | ||